<?xml version="1.0" encoding="UTF-8"?>
<record
    xmlns:xsi="http://www.w3.org/2001/XMLSchema-instance"
    xsi:schemaLocation="http://www.loc.gov/MARC21/slim http://www.loc.gov/standards/marcxml/schema/MARC21slim.xsd"
    xmlns="http://www.loc.gov/MARC21/slim">

  <leader>01379nam0a22002531  4500</leader>
  <controlfield tag="001">rc\116828</controlfield>
  <controlfield tag="005">20260407091323.0</controlfield>
  <datafield tag="035" ind1=" " ind2=" ">
    <subfield code="a">(NLR Aleph) 005375359</subfield>
  </datafield>
  <datafield tag="090" ind1=" " ind2=" ">
    <subfield code="a">7043700</subfield>
    <subfield code="c">7043700</subfield>
  </datafield>
  <datafield tag="100" ind1=" " ind2=" ">
    <subfield code="a">20021216d1992    |||y0rusy50      ca</subfield>
  </datafield>
  <datafield tag="101" ind1="0" ind2=" ">
    <subfield code="a">rus</subfield>
  </datafield>
  <datafield tag="102" ind1=" " ind2=" ">
    <subfield code="a">RU</subfield>
  </datafield>
  <datafield tag="105" ind1=" " ind2=" ">
    <subfield code="a">a   |||||||||</subfield>
  </datafield>
  <datafield tag="200" ind1="1" ind2=" ">
    <subfield code="a">&#x41B;&#x41E;&#x413;&#x418;&#x41A;&#x41E;-&#x41C;&#x415;&#x422;&#x41E;&#x414;&#x41E;&#x41B;&#x41E;&#x413;&#x418;&#x427;&#x415;&#x421;&#x41A;&#x418;&#x415; &#x43F;&#x440;&#x43E;&#x431;&#x43B;&#x435;&#x43C;&#x44B; &#x442;&#x435;&#x445;&#x43D;&#x438;&#x447;&#x435;&#x441;&#x43A;&#x43E;&#x439; &#x44D;&#x43A;&#x441;&#x43F;&#x43B;&#x443;&#x430;&#x442;&#x430;&#x446;&#x438;&#x438; &#x43B;&#x435;&#x442;&#x430;&#x442;&#x435;&#x43B;&#x44C;&#x43D;&#x44B;&#x445; &#x430;&#x43F;&#x43F;&#x430;&#x440;&#x430;&#x442;&#x43E;&#x432; &#x438; &#x43E;&#x431;&#x435;&#x441;&#x43F;&#x435;&#x447;&#x435;&#x43D;&#x438;&#x44F; &#x431;&#x435;&#x437;&#x43E;&#x43F;&#x430;&#x441;&#x43D;&#x43E;&#x441;&#x442;&#x438; &#x43F;&#x43E;&#x43B;&#x435;&#x442;&#x43E;&#x432;</subfield>
    <subfield code="e">&#x41C;&#x430;&#x442;&#x435;&#x440;&#x438;&#x430;&#x43B;&#x44B; &#x43D;&#x430;&#x443;&#x447;. &#x434;&#x43E;&#x43A;&#x43B;. &#x43D;&#x430;&#x443;&#x447;.-&#x43F;&#x440;&#x430;&#x43A;&#x442;. &#x43A;&#x43E;&#x43D;&#x444;. &#x41C;&#x418;&#x418;&#x413;&#x410;, &#x43F;&#x440;&#x43E;&#x432;&#x435;&#x434;. 25 &#x43C;&#x430;&#x44F; 1991&#x433;.</subfield>
    <subfield code="f">&#x41C;-&#x432;&#x43E; &#x442;&#x440;&#x430;&#x43D;&#x441;&#x43F;. &#x420;&#x43E;&#x441;. &#x424;&#x435;&#x434;&#x435;&#x440;&#x430;&#x446;&#x438;&#x438;. &#x414;&#x435;&#x43F;. &#x432;&#x43E;&#x437;&#x434;&#x443;&#x448;. &#x442;&#x440;&#x430;&#x43D;&#x441;&#x43F;., &#x41C;&#x43E;&#x441;&#x43A;. &#x438;&#x43D;-&#x442; &#x438;&#x43D;&#x436;&#x435;&#x43D;&#x435;&#x440;&#x43E;&#x432; &#x433;&#x440;&#x430;&#x436;&#x434;. &#x430;&#x432;&#x438;&#x430;&#x446;&#x438;&#x438;</subfield>
    <subfield code="g">[&#x420;&#x435;&#x434;&#x43A;&#x43E;&#x43B;.: &#x434;. &#x442;. &#x43D;., &#x43F;&#x440;&#x43E;&#x444;., &#x437;&#x430;&#x441;&#x43B;&#x443;&#x436;. &#x434;&#x435;&#x44F;&#x442;. &#x43D;&#x430;&#x443;&#x43A;&#x438; &#x438; &#x442;&#x435;&#x445;&#x43D;&#x438;&#x43A;&#x438; &#x412;.&#x41F;. &#x424;&#x440;&#x43E;&#x434;&#x43E;&#x432; &#x438; &#x434;&#x440;.]</subfield>
  </datafield>
  <datafield tag="210" ind1=" " ind2=" ">
    <subfield code="a">&#x41C;.</subfield>
    <subfield code="c">&#x41C;&#x418;&#x418;&#x413;&#x410;</subfield>
    <subfield code="d">1992</subfield>
  </datafield>
  <datafield tag="215" ind1=" " ind2=" ">
    <subfield code="a">144 &#x441;.</subfield>
    <subfield code="c">&#x438;&#x43B;.</subfield>
    <subfield code="d">19</subfield>
  </datafield>
  <datafield tag="320" ind1=" " ind2=" ">
    <subfield code="a">&#x411;&#x438;&#x431;&#x43B;&#x438;&#x43E;&#x433;&#x440;. &#x432; &#x43A;&#x43E;&#x43D;&#x446;&#x435; &#x434;&#x43E;&#x43A;&#x43B;.</subfield>
  </datafield>
  <datafield tag="702" ind1=" " ind2="1">
    <subfield code="a">&#x424;&#x440;&#x43E;&#x43B;&#x43E;&#x432;</subfield>
    <subfield code="b">&#x412;.&#x41F;.</subfield>
    <subfield code="g">&#x412;&#x438;&#x43A;&#x442;&#x43E;&#x440; &#x41F;&#x435;&#x442;&#x440;&#x43E;&#x432;&#x438;&#x447;</subfield>
    <subfield code="4">340</subfield>
  </datafield>
  <datafield tag="712" ind1="0" ind2="2">
    <subfield code="a">&#x41C;&#x43E;&#x441;&#x43A;&#x43E;&#x432;&#x441;&#x43A;&#x438;&#x439; &#x438;&#x43D;&#x441;&#x442;&#x438;&#x442;&#x443;&#x442; &#x438;&#x43D;&#x436;&#x435;&#x43D;&#x435;&#x440;&#x43E;&#x432; &#x433;&#x440;&#x430;&#x436;&#x434;&#x430;&#x43D;&#x441;&#x43A;&#x43E;&#x439; &#x430;&#x432;&#x438;&#x430;&#x446;&#x438;&#x438;</subfield>
    <subfield code="3">RU\NLR\AUTH\8816122</subfield>
    <subfield code="9">305368</subfield>
  </datafield>
  <datafield tag="801" ind1=" " ind2="0">
    <subfield code="a">RU</subfield>
    <subfield code="b">NLR</subfield>
    <subfield code="g">psbo</subfield>
  </datafield>
  <datafield tag="801" ind1=" " ind2="1">
    <subfield code="a">RU</subfield>
    <subfield code="b">ELAR</subfield>
    <subfield code="2">rusmarc</subfield>
  </datafield>
  <datafield tag="852" ind1=" " ind2=" ">
    <subfield code="a">NLR</subfield>
    <subfield code="j">93-3/1544</subfield>
  </datafield>
  <datafield tag="942" ind1=" " ind2=" ">
    <subfield code="c">BOOK</subfield>
  </datafield>
  <datafield tag="980" ind1=" " ind2=" ">
    <subfield code="a">NB</subfield>
  </datafield>
  <datafield tag="995" ind1=" " ind2=" ">
    <subfield code="5">2013-10-26</subfield>
    <subfield code="b">NLR01</subfield>
    <subfield code="c">NLR01</subfield>
    <subfield code="e">RF91</subfield>
    <subfield code="f">5375359-10</subfield>
    <subfield code="k">93-3/1544</subfield>
    <subfield code="o">0</subfield>
    <subfield code="r">BOOK</subfield>
    <subfield code="s">9331544_</subfield>
  </datafield>
</record>
